000
00319nam a22001337a 4500
020
_a
978-0124042209
041
_a
ENG
100
_a
Kenney.W.F
245
_a
Energy Conservation In The Process Industries
260
_a
New York
_b
Academic press.Inc
_c
1984
300
_a
329
650
_a
APE
856
_u
APE ( 02 )
999
_c
1632
_d
1632